00723nam a2200193 a 4500008004100000050001600041100003000057245004400087246004400131260003200175300001500207350000900222650001100231650003100242650002800273995008700301999001700388952012400405120416s1964 ||||||||||||||||| || u aHD 5707 Har aHarbison, Fredrick Harris10aEducation, manpower and economic growth asrategies of human resource development aNew YorkbMcGraw-Hillc1964 axiv, 229p. a0.00 aLABOUR aHUMAN RESOURCE DEVELOPMENT aHUMAN RESOURCE PLANNING D0.00FCBU-MAIN LIBRARY (Kitwe)H1I0.00M1UAVAILABLEZAnnex Low-Usage Collection  c41154d41154 00102lcc4070a001b001cAnnex Low-Usage Collection d2022-11-30l0oHD 5707 Harp004249r2022-11-30w2022-11-30y002